[Event "BL2-Nord 0203"]
[Site "?"]
[Date "2002.11.17"]
[Round "2.3"]
[White "Lisek Juergen"]
[Black "Junge Kai"]
[Result "1/2-1/2"]
[WhiteElo "2316"]
[BlackElo "2249"]
[PlyCount "88"]
[EventDate "2002.??.??"]
[Source "www.chesslib.no"]
[SourceDate "2004.05.04"]

1. e4 Nf6 2. e5 Nd5 3. d4 d6 4. Nf3 Bg4 5. h3 Bxf3 6. Qxf3 dxe5 7. dxe5 e6 8. Qe4 Nd7 9. Bc4 Nc5 10. Qe2 Nb6 11. Be3 Qh4 12. Nd2 Nxc4 13. Qxc4 Qxc4 14. Nxc4 O-O-O 15. Ke2 Be7 16. Rhd1 a6 17. Bd4 Rd7 18. Bxc5 Bxc5 19. Rxd7 Kxd7 20. Rd1+ Kc8 21. f4 Rd8 22. Rxd8+ Kxd8 23. Kd3 Kd7 24. Nd2 Kc6 25. Ke4 Be7 26. g4 b5 27. Nf3 Kd7 28. f5 c5 29. b3 Kc6 30. h4 Kd7 31. h5 Bd8 32. c3 Be7 33. Kf4 Kc6 34. c4 Kd7 35. Nd2 Kc6 36. Ne4 h6 37. fxe6 fxe6 38. g5 Kd7 39. Kg4 Ke8 40. Kf4 Kd7 41. Kg4 Ke8 42. gxh6 gxh6 43. Kf3 Kd7 44. Ke3 b4 1/2-1/2

[Event "SWE-chT 9900"]
[Site "?"]
[Date "2000.??.??"]
[Round "8"]
[White "Bengtsson Bo"]
[Black "Friberg Hans"]
[Result "0-1"]
[WhiteElo "2300"]
[BlackElo "2265"]
[PlyCount "70"]
[EventDate "2000.??.??"]
[Source "www.chesslib.no"]
[SourceDate "2004.05.04"]

1. e4 Nf6 2. e5 Nd5 3. d4 d6 4. Nf3 Bg4 5. h3 Bh5 6. c4 Nb6 7. g4 Bg6 8. e6 Qc8 9. exf7+ Bxf7 10. Ng5 Bg8 11. Bd3 e6 12. Nc3 Nc6 13. d5 Ne5 14. f4 Nxd3+ 15. Qxd3 Be7 16. f5 exf5 17. O-O h6 18. Re1 Qd7 19. Ne6 Bxe6 20. dxe6 Qc6 21. Qxf5 O-O-O 22. Nd5 Rde8 23. b3 Bh4 24. Re2 Rhf8 25. Qd3 Bf6 26. Rb1 Be5 27. e7 Rf7 28. Qg6 Rf3 29. Be3 Rg3+ 30. Kf2 Nxd5 31. cxd5 Qd7 32. Qe4 Rxh3 33. Bf4 Qxe7 34. Bxe5 Qh4+ 35. Kg2 Rxe5 0-1

[Event "Oberliga Nord O9798"]
[Site "Germany"]
[Date "1997.??.??"]
[Round "?"]
[White "Lisek, Juergen"]
[Black "Schnabel, Ralf"]
[Result "1-0"]
[WhiteElo "2300"]
[BlackElo "2230"]
[PlyCount "121"]
[EventDate "1997.10.??"]
[Source "www.chesslib.no"]
[SourceDate "2004.05.04"]

1. e4 Nf6 2. e5 Nd5 3. d4 d6 4. Nf3 Bg4 5. h3 Bh5 6. Be2 e6 7. O-O Be7 8. c4 Nb6 9. Nc3 O-O 10. Be3 a6 11. Qb3 N8d7 12. Rfd1 Qc8 13. exd6 cxd6 14. Rac1 Bxf3 15. Bxf3 Qxc4 16. Nd5 Qxb3 17. Nxe7+ Kh8 18. axb3 Rfe8 19. Bxb7 Rab8 20. Rc7 Rxe7 21. Bf4 Ree8 22. Bxd6 Red8 23. Bxa6 Ra8 24. Bb5 Nf6 25. Be2 Rdc8 26. Rxc8+ Rxc8 27. Bc5 Nbd5 28. Ra1 h6 29. Ra7 Rb8 30. Bc4 Kg8 31. f3 g5 32. Bd6 Rd8 33. Be5 Nd7 34. Bxd5 Nxe5 35. Ra8 Rxa8 36. Bxa8 Nd3 37. Kf1 Kf8 38. Be4 Nf4 39. b4 Ke7 40. g3 Nxh3 41. b5 Kd6 42. b6 h5 43. d5 g4 44. dxe6 fxe6 45. f4 h4 46. Kg2 hxg3 47. Kxg3 Ng1 48. Kxg4 Ne2 49. Kf3 Nd4+ 50. Ke3 Nb3 51. Bg2 Nc5 52. Kd4 Nd7 53. b7 Nb8 54. b4 Nd7 55. b5 Kc7 56. Bc6 Nf8 57. Be4 Nd7 58. Bc6 Nf8 59. Be8 Kxb7 60. Ke5 Kc7 61. Kf6 1-0

[Event "NZL Ch"]
[Site "Otago"]
[Date "1991.??.??"]
[Round "11"]
[White "Love, Anthony J"]
[Black "Dive, Russell J"]
[Result "0-1"]
[WhiteElo "2205"]
[BlackElo "2305"]
[PlyCount "80"]
[EventDate "1991.??.??"]
[Source "www.chesslib.no"]
[SourceDate "2004.05.04"]

1. e4 Nf6 2. e5 Nd5 3. d4 d6 4. Nf3 Bg4 5. h3 Bh5 6. c4 Nb6 7. g4 Bg6 8. e6 fxe6 9. Bd3 Bxd3 10. Qxd3 Qd7 11. Nc3 g6 12. b3 Bg7 13. Bb2 Nc6 14. O-O-O O-O-O 15. Kb1 Rdf8 16. Rhe1 Kb8 17. Ne4 Nd8 18. Re2 Rhg8 19. Rde1 h6 20. g5 h5 21. Nh4 Qe8 22. Ng3 Bh8 23. Bc1 Qf7 24. f4 Qg7 25. Nf3 Nd7 26. Bb2 Rxf4 27. d5 e5 28. Ne4 Rgf8 29. Nfd2 b6 30. b4 Nb7 31. Ba3 Qf7 32. Kc2 e6 33. Bb2 exd5 34. cxd5 Rc8 35. Kb1 c5 36. dxc6 Rxc6 37. b5 Ndc5 38. Nxc5 Nxc5 39. Qe3 Rc7 40. Ba3 Qf5+ 0-1

[Event "RUS-ch U14"]
[Site "Toljatti"]
[Date "2000.??.??"]
[Round "3"]
[White "Geller, Jakov"]
[Black "Tomashevsky, Evgeny"]
[Result "1/2-1/2"]
[WhiteElo "2195"]
[BlackElo "2300"]
[PlyCount "77"]
[EventDate "2000.??.??"]
[Source "www.chesslib.no"]
[SourceDate "2004.05.04"]

1. e4 Nf6 2. e5 Nd5 3. d4 d6 4. Nf3 Bg4 5. h3 Bxf3 6. Qxf3 dxe5 7. Nc3 e6 8. Nxd5 Qxd5 9. Qxd5 exd5 10. dxe5 Nd7 11. Bf4 c6 12. O-O-O Bc5 13. Bg3 O-O 14. c4 Rfe8 15. cxd5 Nxe5 16. dxc6 Nxc6 17. Bb5 Rec8 18. Kb1 Nd4 19. Bd3 Re8 20. Rhe1 Rad8 21. Rxe8+ Rxe8 22. f3 Ne6 23. Be4 b6 24. Rd7 a5 25. Bd5 Kf8 26. Kc2 Re7 27. Rxe7 Kxe7 28. Bb7 g5 29. h4 h6 30. hxg5 hxg5 31. Be1 Nd4+ 32. Kd3 Nf5 33. Bd5 Ne3 34. Bb7 Nxg2 35. Bd2 f6 36. f4 Nxf4+ 37. Bxf4 gxf4 38. a4 b5 39. b3 1/2-1/2

[Event "zt2.3.c2"]
[Site "?"]
[Date "2004.09.12"]
[Round "9"]
[White "Davila Carlos"]
[Black "Huguet Sergio"]
[Result "1-0"]
[WhiteElo "2339"]
[BlackElo "2141"]
[PlyCount "59"]
[EventDate "2004.??.??"]
[Source "www.chesslib.no"]
[SourceDate "2004.05.04"]

1. e4 Nf6 2. e5 Nd5 3. d4 d6 4. Nf3 Bg4 5. h3 Bxf3 6. Qxf3 dxe5 7. dxe5 e6 8. a3 c6 9. c4 Ne7 10. Be2 Ng6 11. O-O Nxe5 12. Qg3 Ng6 13. Rd1 Nd7 14. Nc3 Qh4 15. Qc7 Rd8 16. Qxb7 Bc5 17. Be3 Bxe3 18. fxe3 Qg3 19. Qxc6 Qxe3+ 20. Kh1 Nge5 21. Qe4 Qxe4 22. Nxe4 Ke7 23. b4 Nf6 24. Nxf6 Kxf6 25. Kg1 Nc6 26. c5 Nd4 27. Ba6 Nc2 28. Rxd8 Rxd8 29. Rc1 Nd4 30. c6 1-0

[Event "BL2-N"]
[Site "GER"]
[Date "1983.??.??"]
[Round "?"]
[White "Schruefer, Guenther"]
[Black "Grzesik, Frank"]
[Result "1-0"]
[WhiteElo "2205"]
[BlackElo "2245"]
[PlyCount "101"]
[EventDate "1983.??.??"]
[Source "www.chesslib.no"]
[SourceDate "2004.05.04"]

1. e4 Nf6 2. e5 Nd5 3. d4 d6 4. Nf3 Bg4 5. h3 Bxf3 6. Qxf3 dxe5 7. dxe5 e6 8. Bd2 Nd7 9. Qg3 Ne7 10. Nc3 Nf5 11. Qf4 g6 12. O-O-O Bg7 13. g4 Bxe5 14. Qb4 Nd6 15. f4 Bg7 16. Be3 O-O 17. Bg2 Qh4 18. Ne4 Nxe4 19. Qxe4 Nf6 20. Qf3 Nd5 21. g5 Nxe3 22. Qxe3 h6 23. c3 hxg5 24. fxg5 Qa4 25. Kb1 Rad8 26. Qe2 b5 27. Bc6 Qa5 28. Qxb5 Bxc3 29. Rxd8 Rxd8 30. bxc3 Qxb5+ 31. Bxb5 Rb8 32. c4 c6 33. a4 a6 34. Kb2 cxb5 35. cxb5 axb5 36. a5 Kf8 37. Kb3 Ke7 38. Kb4 Kd6 39. Rf1 Ke7 40. a6 Rd8 41. Ra1 Rd4+ 42. Kxb5 Rd5+ 43. Kc4 Rd8 44. a7 Ra8 45. Kc5 e5 46. Ra6 e4 47. Kd4 Kd8 48. Kxe4 Kc7 49. Ke5 Kb7 50. Ra3 Re8+ 51. Kf6 1-0

[Event "Santiago op"]
[Site "Santiago de Chile"]
[Date "1997.??.??"]
[Round "5"]
[White "Basualto, Pedro"]
[Black "Michel Yunis, Christian D"]
[Result "0-1"]
[WhiteElo "2130"]
[BlackElo "2320"]
[PlyCount "82"]
[EventDate "1997.??.??"]
[Source "www.chesslib.no"]
[SourceDate "2004.05.04"]

1. e4 Nf6 2. e5 Nd5 3. d4 d6 4. Nf3 Bg4 5. h3 Bh5 6. c4 Nb6 7. g4 Bg6 8. e6 fxe6 9. Bd3 Bxd3 10. Qxd3 Qd7 11. Ng5 Qc6 12. O-O Qxc4 13. Qf3 Kd7 14. Re1 Nc6 15. Be3 h6 16. b3 Qd5 17. Ne4 Qa5 18. Nbc3 Nd5 19. Na4 Re8 20. Qf7 b6 21. Rec1 Nd8 22. Qh5 Nxe3 23. Rxc7+ Kxc7 24. Qxe8 Nc2 25. Rc1 Nc6 26. Rxc2 Qe1+ 27. Kh2 Qxe4 28. Rc4 b5 29. d5 Qxd5 30. Nc3 bxc4 31. Nxd5+ exd5 32. Qf7 c3 33. Qxd5 g5 34. b4 Bg7 35. b5 Be5+ 36. Kg2 Na5 37. Qe4 Rc8 38. a4 Kb6 39. Qf5 Rc7 40. Qf8 Kb7 41. Qf3+ Kb8 0-1

[Event "Cerbona op 3rd"]
[Site "?"]
[Date "2001.07.19"]
[Round "8.9"]
[White "Mihalecz Attila"]
[Black "Amrein Roland"]
[Result "0-1"]
[WhiteElo "2141"]
[BlackElo "2308"]
[PlyCount "58"]
[EventDate "2001.??.??"]
[Source "www.chesslib.no"]
[SourceDate "2004.05.04"]

1. e4 Nf6 2. e5 Nd5 3. d4 d6 4. Nf3 Bg4 5. h3 Bxf3 6. Qxf3 c6 7. e6 fxe6 8. Qe4 Qa5+ 9. Bd2 Qb6 10. b3 Nd7 11. f4 g6 12. c3 e5 13. fxe5 dxe5 14. Na3 exd4 15. Nc4 Qc7 16. cxd4 Qg3+ 17. Kd1 O-O-O 18. Rc1 Bg7 19. Na5 N7b6 20. Bc4 Bxd4 21. Bxd5 Nxd5 22. Rxc6+ bxc6 23. Nxc6 Nc3+ 24. Bxc3 Bxc3+ 25. Nxd8 Qd6+ 26. Ke2 Qd2+ 27. Kf3 Rf8+ 28. Kg4 h5+ 29. Kg3 Qd6+ 0-1

[Event "Zagreb op"]
[Site "Zagreb"]
[Date "1998.01.11"]
[Round "9"]
[White "Rezan, Sasa"]
[Black "Jankovic, Branimir"]
[Result "1-0"]
[WhiteElo "2265"]
[BlackElo "2180"]
[PlyCount "81"]
[EventDate "1998.01.03"]
[Source "ChessBase"]
[SourceDate "1998.03.09"]

1. e4 Nf6 2. e5 Nd5 3. d4 d6 4. Nf3 Bg4 5. h3 Bxf3 6. Qxf3 dxe5 7. dxe5 e6 8. Bc4 Nd7 9. Qe2 c6 10. O-O Qc7 11. Re1 Ne7 12. Nd2 Nf5 13. Bd3 g6 14. Nf3 Bc5 15. Bxf5 gxf5 16. Bg5 Rg8 17. Rad1 h6 18. Bxh6 Be7 19. Rd2 O-O-O 20. Red1 Nc5 21. Rxd8+ Rxd8 22. Rxd8+ Qxd8 23. Be3 Qd5 24. Bxc5 Bxc5 25. b3 Qd8 26. a4 Be7 27. Qd2 Qb6 28. h4 f6 29. exf6 Bxf6 30. Qd6 c5 31. Qf8+ Qd8 32. Qxc5+ Kb8 33. Qe3 e5 34. Qd3 Qe7 35. Qxf5 e4 36. Ng5 e3 37. Qf4+ Ka8 38. Qxe3 Qd7 39. Qd3 Qe7 40. Nf3 a6 41. g3 1-0

[Event "AUT-chT2S 9596"]
[Site "Austria"]
[Date "1995.??.??"]
[Round "?"]
[White "Smole, Albert"]
[Black "Weiss, Leo"]
[Result "1-0"]
[WhiteElo "2205"]
[BlackElo "2225"]
[PlyCount "79"]
[EventDate "1995.??.??"]
[Source "www.chesslib.no"]
[SourceDate "2004.05.04"]

1. e4 Nf6 2. e5 Nd5 3. d4 d6 4. Nf3 Bg4 5. h3 Bf5 6. Bd3 Bxd3 7. Qxd3 e6 8. Qb5+ Nc6 9. O-O a6 10. Qe2 Be7 11. c4 Nb6 12. exd6 cxd6 13. Nc3 O-O 14. Be3 Rc8 15. d5 exd5 16. Bxb6 Qxb6 17. Nxd5 Qd8 18. Rad1 Bf6 19. Rfe1 g6 20. b3 Kg7 21. Qe3 b5 22. Nb6 Re8 23. Qxe8 Qxe8 24. Rxe8 Rxe8 25. Rxd6 Nb4 26. cxb5 axb5 27. a3 Be7 28. Rd2 Nc6 29. Rc2 Nb8 30. Re2 Nc6 31. Nd5 Kf8 32. Rc2 Na5 33. b4 Nc4 34. a4 Rd8 35. Nxe7 Kxe7 36. axb5 Nd6 37. Ne5 Ke6 38. Nc6 Rd7 39. b6 Nb5 40. b7 1-0

[Event "CZE-chT2V 9899"]
[Site "CZE"]
[Date "1999.??.??"]
[Round "?"]
[White "Postupa, Pavel"]
[Black "Kastner, Oldrich"]
[Result "1/2-1/2"]
[WhiteElo "2230"]
[BlackElo "2200"]
[PlyCount "161"]
[EventDate "1998.??.??"]
[Source "www.chesslib.no"]
[SourceDate "2004.05.04"]

1. e4 Nf6 2. e5 Nd5 3. d4 d6 4. Nf3 Bg4 5. h3 Bh5 6. c4 Nb6 7. g4 Bg6 8. e6 fxe6 9. Bd3 Nc6 10. Bxg6+ hxg6 11. Qd3 Kd7 12. Ng5 Qe8 13. f4 Rd8 14. Be3 d5 15. c5 Nc4 16. Bc1 e5 17. fxe5 e6 18. b3 N4xe5 19. dxe5 Bxc5 20. Be3 Bb4+ 21. Ke2 d4 22. a3 Bc5 23. Ne4 Bb6 24. Bf4 Kc8 25. Nbd2 Qd7 26. Nc4 Qd5 27. Rac1 Rdf8 28. Bg3 Kb8 29. Rce1 Rf7 30. Kd1 Rhf8 31. Rhf1 Ba5 32. Nxa5 Qxa5 33. Nd2 Qxa3 34. Rxf7 Rxf7 35. Ke2 Qb2 36. Rb1 Qc3 37. Qxc3 dxc3 38. Rf1 Nd4+ 39. Kd1 Rxf1+ 40. Nxf1 b5 41. b4 Kb7 42. Be1 c2+ 43. Kc1 Kc6 44. Ne3 Nf3 45. Bc3 Kb6 46. Kxc2 c5 47. Kb3 cxb4 48. Kxb4 a5+ 49. Kb3 b4 50. Bb2 Kb5 51. Kc2 a4 52. Kd3 a3 53. Ba1 b3 54. Nd1 Kc5 55. Bc3 g5 56. Ne3 b2 57. Kc2 Nd4+ 58. Kb1 Nb5 59. Ba5 Kd4 60. Nd1 Kxe5 61. Bd2 Ke4 62. Bxg5 Kf3 63. Be7 Kg3 64. g5 g6 65. Bf6 Kxh3 66. Nc3 Nd6 67. Ka2 Nc4 68. Nb1 Kg4 69. Be7 e5 70. Nxa3 Nxa3 71. Bxa3 Kxg5 72. Kxb2 Kf4 73. Kc2 g5 74. Kd2 Kf3 75. Bd6 e4 76. Bc5 g4 77. Be3 g3 78. Bd4 g2 79. Bg1 e3+ 80. Bxe3 g1=Q 81. Bxg1 1/2-1/2

[Event "US Open"]
[Site "New York, NY USA"]
[Date "1974.??.??"]
[Round "5"]
[White "Boskovic, Milorad"]
[Black "Farkas, Jozsef"]
[Result "1/2-1/2"]
[WhiteElo "2269"]
[BlackElo "2159"]
[PlyCount "45"]
[EventDate "1974.08.??"]
[Source "www.chesslib.no"]
[SourceDate "2004.05.04"]

1. e4 Nf6 2. e5 Nd5 3. d4 d6 4. Nf3 Bg4 5. h3 Bh5 6. e6 fxe6 7. g4 Bf7 8. Bd3 g6 9. Ng5 Bg7 10. Nxf7 Kxf7 11. Qf3+ Ke8 12. c3 c6 13. Qe4 Kd7 14. f4 Qg8 15. Nd2 Na6 16. Nf3 Nac7 17. Bd2 a5 18. O-O-O Rf8 19. Rhf1 h5 20. g5 h4 21. c4 Nb4 22. Bxb4 axb4 23. Qxg6 1/2-1/2

[Event "POR-chT"]
[Site "Lisboa"]
[Date "1998.05.03"]
[Round "3"]
[White "Galvao, Henrique"]
[Black "Silva, Antonio"]
[Result "0-1"]
[WhiteElo "2210"]
[BlackElo "2205"]
[PlyCount "114"]
[EventDate "1998.??.??"]
[Source "www.chesslib.no"]
[SourceDate "2004.05.04"]

1. e4 Nf6 2. e5 Nd5 3. d4 d6 4. Nf3 Bg4 5. h3 Bxf3 6. Qxf3 c6 7. Bc4 dxe5 8. dxe5 e6 9. O-O Nd7 10. Re1 Qc7 11. Qe2 Bc5 12. Bb3 Bd4 13. c4 Ne7 14. Bf4 Ng6 15. g3 Bxe5 16. Bxe5 Qxe5 17. Nc3 Qxe2 18. Rxe2 Nc5 19. Bc2 Rd8 20. f4 O-O 21. b4 Na6 22. b5 Nc5 23. Ne4 Nxe4 24. Bxe4 cxb5 25. cxb5 b6 26. a4 Rd4 27. a5 Rb4 28. axb6 axb6 29. Bc6 Ne7 30. Ra6 Rd8 31. Rc2 g6 32. Ra7 Nf5 33. Rd7 Rxd7 34. Bxd7 Nxg3 35. Rc6 Ne2+ 36. Kf1 Nxf4 37. Rxb6 Nd5 38. Rb8+ Kg7 39. Rb7 Kf8 40. Bc6 g5 41. Ke1 h5 42. Rb8+ Kg7 43. Rb7 Rf4 44. Be8 g4 45. hxg4 hxg4 46. b6 Nxb6 47. Rxb6 e5 48. Ke2 f6 49. Bh5 g3 50. Rb3 Kh6 51. Bf7 Rf2+ 52. Ke1 Rg2 53. Kf1 Rf2+ 54. Kg1 Rf5 55. Rxg3 Rg5 56. Kf2 Rxg3 57. Kxg3 Kg5 0-1

[Event "FRA Team Ch"]
[Site "France"]
[Date "1989.??.??"]
[Round "?"]
[White "Tammert, Guenther"]
[Black "Tagnon, Nicole"]
[Result "1/2-1/2"]
[WhiteElo "2235"]
[BlackElo "2175"]
[PlyCount "94"]
[EventDate "1989.??.??"]
[Source "www.chesslib.no"]
[SourceDate "2004.05.04"]

1. e4 Nf6 2. e5 Nd5 3. d4 d6 4. Nf3 Bg4 5. h3 Bxf3 6. Qxf3 dxe5 7. dxe5 c6 8. e6 fxe6 9. Bd3 g6 10. h4 Nf6 11. Nc3 Nbd7 12. Qe2 Nc5 13. Bc4 Nd5 14. Ne4 Nxe4 15. Qxe4 Qd6 16. Bd2 Bg7 17. O-O-O Qe5 18. Qxe5 Bxe5 19. Rde1 Bd4 20. f4 Kd7 21. Re4 Bf2 22. Re2 Bc5 23. Bb3 Rhf8 24. g3 a5 25. a4 b5 26. Rd1 Bd6 27. Be1 Rf5 28. Bf2 bxa4 29. Bxa4 Kc7 30. c4 Nb6 31. Bc2 Nxc4 32. Bxf5 exf5 33. Kb1 Rb8 34. Rc1 Nb6 35. Rec2 Nd5 36. Rxc6+ Kd7 37. Ra6 Rb5 38. Ra7+ Ke6 39. Be1 Nb4 40. Bc3 Nc6 41. Ra8 Bb8 42. Ra6 Kd7 43. Bg7 Nb4 44. Rd1+ Nd5 45. Bd4 Kc7 46. Re6 Kd7 47. Re2 a4 1/2-1/2

[Event "WchT U26 17th"]
[Site "Graz"]
[Date "1972.??.??"]
[Round "2"]
[White "Ost Hansen, Jacob"]
[Black "Eales, Richard G"]
[Result "1-0"]
[WhiteElo "2200"]
[BlackElo "2200"]
[PlyCount "55"]
[EventDate "1972.07.15"]
[Source "ChessBase"]

1. e4 Nf6 2. e5 Nd5 3. d4 d6 4. Nf3 Bg4 5. h3 Bxf3 6. Qxf3 dxe5 7. dxe5 e6 8. Nd2 Nd7 9. Qe2 c6 10. Nf3 Qb6 11. a3 O-O-O 12. g3 Bc5 13. Bg2 Bd4 14. c4 Ne7 15. O-O Ng6 16. Bg5 Rde8 17. Rad1 Bc5 18. b4 Be7 19. Bxe7 Nxe7 20. Ng5 Ref8 21. Rd2 h6 22. Rfd1 hxg5 23. Rxd7 Nd5 24. cxd5 Kxd7 25. dxc6+ Kc8 26. cxb7+ Kb8 27. Rd6 Qc7 28. Qe3 1-0

[Event "SWE-ch"]
[Site "Skelleftea"]
[Date "1972.??.??"]
[Round "12"]
[White "Lekander, Rolf"]
[Black "Liljedahl, Lennart"]
[Result "1/2-1/2"]
[WhiteElo "2200"]
[BlackElo "2200"]
[PlyCount "27"]
[EventDate "1972.07.??"]
[Source "ChessBase"]

1. e4 Nf6 2. e5 Nd5 3. d4 d6 4. Nf3 Bg4 5. h3 Bxf3 6. Qxf3 dxe5 7. dxe5 e6 8. Qe4 c6 9. Bc4 Nd7 10. O-O Qc7 11. Re1 h6 12. Nd2 O-O-O 13. Nf3 g5 14. Bd2 1/2-1/2

[Event "It Open"]
[Site "St. Ingbert GER"]
[Date "1991.??.??"]
[Round "6"]
[White "Sutterer Robert"]
[Black "Turner Tassilo"]
[Result "0-1"]
[WhiteElo "2220"]
[BlackElo "2166"]
[PlyCount "64"]
[EventDate "1991.??.??"]
[Source "www.chesslib.no"]
[SourceDate "2004.05.04"]

1. e4 Nf6 2. e5 Nd5 3. d4 d6 4. Nf3 Bg4 5. h3 Bh5 6. g4 Bg6 7. c4 Nb6 8. e6 fxe6 9. Ng5 Qd7 10. Bd3 Bxd3 11. Qxd3 Qc6 12. d5 Qxc4 13. Qxc4 Nxc4 14. Nxe6 Kd7 15. b3 Nb6 16. Nc3 c6 17. dxc6+ Nxc6 18. Nf4 g6 19. Bb2 Bg7 20. Nd3 Ne5 21. Nxe5+ Bxe5 22. Ke2 Rhf8 23. Rac1 Rf4 24. f3 Raf8 25. Rhf1 Rc8 26. Rfd1 Rc6 27. Ba1 Rf8 28. Bb2 Rfc8 29. Kd3 Rc5 30. b4 Rc4 31. a3 R4c6 32. Rf1 Nc4 0-1

[Event "Slovaquie (championnat equipes)"]
[Site "?"]
[Date "2003.11.29"]
[Round "29.6"]
[White "Fabian Jaroslav"]
[Black "Gorusa Miroslav"]
[Result "0-1"]
[WhiteElo "2242"]
[BlackElo "2135"]
[PlyCount "67"]
[EventDate "2003.??.??"]
[Source "www.chesslib.no"]
[SourceDate "2004.05.04"]

1. e4 Nf6 2. e5 Nd5 3. d4 d6 4. Nf3 Bg4 5. h3 Bh5 6. g4 Bg6 7. e6 fxe6 8. Ng5 Qd7 9. Bd3 Bxd3 10. Qxd3 Nf6 11. Nc3 Nc6 12. Bf4 Nb4 13. Qe2 h6 14. Nge4 O-O-O 15. O-O-O g5 16. Bg3 Bg7 17. h4 gxh4 18. Rxh4 Rdf8 19. a3 Nc6 20. f4 Nd5 21. Qf2 Nxc3 22. Nxc3 e5 23. dxe5 Bxe5 24. Nd5 e6 25. Ne3 Qg7 26. c3 Na5 27. Rh3 Nb3+ 28. Kb1 Nc5 29. Qh2 Bf6 30. Rh1 Qd7 31. Rxh6 Rxh6 32. Qxh6 Re8 33. Rh5 Ne4 34. Qh7 0-1

[Event "SWE-chB"]
[Site "Borlange SWE"]
[Date "1995.??.??"]
[Round "?"]
[White "Nordstrom, Felix"]
[Black "Zetterberg, Staffan"]
[Result "1-0"]
[WhiteElo "2205"]
[BlackElo "2170"]
[PlyCount "67"]
[EventDate "1995.07.??"]
[Source "www.chesslib.no"]
[SourceDate "2004.05.04"]

1. e4 Nf6 2. e5 Nd5 3. d4 d6 4. Nf3 Bg4 5. h3 Bh5 6. g4 Bg6 7. e6 fxe6 8. Bd3 Bxd3 9. Qxd3 Qd7 10. Ng5 Nf6 11. Qb3 Qc6 12. O-O d5 13. Re1 Ne4 14. Nxe4 dxe4 15. Nc3 Nd7 16. Nxe4 h6 17. Ng3 e5 18. d5 Qa6 19. Be3 O-O-O 20. Ne4 g5 21. Rad1 Bg7 22. c4 h5 23. Bxg5 hxg4 24. h4 Bf6 25. c5 Bxg5 26. hxg5 Rh3 27. Re3 Rdh8 28. Rxh3 Rxh3 29. Qc2 c6 30. d6 e6 31. g6 Qa5 32. Ng5 Qb4 33. g7 Nf6 34. d7+ 1-0

[Event "It Open"]
[Site "Pfalz GER"]
[Date "1990.??.??"]
[Round "?"]
[White "Kuntz Timo"]
[Black "Bern, Ivar"]
[Result "1/2-1/2"]
[WhiteElo "1995"]
[BlackElo "2375"]
[PlyCount "61"]
[EventDate "1990.??.??"]
[Source "www.chesslib.no"]
[SourceDate "2004.05.04"]

1. e4 Nf6 2. e5 Nd5 3. d4 d6 4. Nf3 Bg4 5. h3 Bxf3 6. Qxf3 dxe5 7. dxe5 e6 8. Bd3 Nc6 9. Bb5 Qd7 10. Qe4 O-O-O 11. O-O Ndb4 12. a3 Qd5 13. Qxd5 Rxd5 14. Ba4 Na6 15. Bxc6 bxc6 16. Bf4 Be7 17. Nc3 Rd7 18. Rad1 Rhd8 19. Be3 Kb7 20. Rxd7 Rxd7 21. Rd1 Rxd1+ 22. Nxd1 Nc5 23. Nc3 Nd7 24. f4 Nb6 25. Ne4 Nc4 26. Bd4 c5 27. Nxc5+ Bxc5 28. Bxc5 Nxb2 29. g4 Nc4 30. Kf2 Kc6 31. Bf8 1/2-1/2

[Event "SLO-chT sf"]
[Site "SLO"]
[Date "1996.??.??"]
[Round "6"]
[White "Vavpetic, Vide"]
[Black "Mestek, I."]
[Result "0-1"]
[WhiteElo "2260"]
[BlackElo "2050"]
[PlyCount "76"]
[EventDate "1996.??.??"]
[Source "www.chesslib.no"]
[SourceDate "2004.05.04"]

1. e4 Nf6 2. e5 Nd5 3. d4 d6 4. Nf3 Bg4 5. h3 Bh5 6. g4 Bg6 7. e6 fxe6 8. Bd3 Bxd3 9. Qxd3 Qd7 10. c4 Nb6 11. O-O Na6 12. Nc3 g6 13. Re1 Qc6 14. b3 e5 15. d5 Qd7 16. Ng5 O-O-O 17. Nf7 Bg7 18. Ne4 h5 19. f3 hxg4 20. hxg4 Rh3 21. Kg2 Rf8 22. Kxh3 Rxf7 23. Kg2 Rf8 24. Rh1 e6 25. dxe6 Qxe6 26. Ba3 Rf4 27. Rh7 d5 28. Rd1 Qg8 29. Rxg7 Qxg7 30. cxd5 Nd7 31. Qc3 Kb8 32. b4 b6 33. b5 Nac5 34. Bxc5 Nxc5 35. Nxc5 bxc5 36. Re1 Rd4 37. Qxc5 Rd2+ 38. Kf1 Qh6 0-1

[Event "Cseppko op"]
[Site "Cseppko"]
[Date "1997.??.??"]
[Round "6"]
[White "Merenyi, Gabor"]
[Black "Dede, Erno"]
[Result "0-1"]
[WhiteElo "2075"]
[BlackElo "2225"]
[PlyCount "76"]
[EventDate "1997.06.30"]
[Source "ChessBase"]
[SourceDate "1997.07.29"]

1. e4 Nf6 2. e5 Nd5 3. d4 d6 4. Nf3 Bg4 5. h3 Bxf3 6. Qxf3 dxe5 7. dxe5 e6 8. Qb3 Nb6 9. Nc3 N8d7 10. Bf4 g5 11. Bg3 Bg7 12. O-O-O Qe7 13. Re1 O-O-O 14. Qb4 a6 15. Qa5 Nb8 16. Na4 N6d7 17. b3 Nc6 18. Qc3 Ndxe5 19. Rxe5 Qd6 20. Bxa6 Bxe5 21. Nb6+ Kb8 22. Bxe5 Qxe5 23. Qxe5 Nxe5 24. Nc4 Nc6 25. Bb5 Nd4 26. Na3 Nxb5 27. Nxb5 Rd5 28. Nc3 Rf5 29. f3 h5 30. a4 Rg8 31. Ne4 g4 32. fxg4 hxg4 33. h4 Rh8 34. g3 Rf3 35. Rg1 f5 36. Ng5 Re3 37. Kd2 Re5 38. c4 Rd8+ 0-1

[Event "Taufkirchen"]
[Site "Taufkirchen"]
[Date "1998.08.30"]
[Round "6"]
[White "Hofmann, Max"]
[Black "Herzog, Ferdinand"]
[Result "0-1"]
[WhiteElo "2157"]
[BlackElo "2085"]
[PlyCount "76"]
[EventDate "1998.08.22"]
[Source "www.chesslib.no"]
[SourceDate "2004.05.04"]

1. e4 Nf6 2. e5 Nd5 3. d4 d6 4. Nf3 Bg4 5. h3 Bxf3 6. Qxf3 dxe5 7. dxe5 e6 8. a3 c6 9. Bd3 Qc7 10. Qe2 Nd7 11. c4 Ne7 12. f4 Nc5 13. Bc2 Nf5 14. Bxf5 exf5 15. Nd2 Ne6 16. O-O Nd4 17. Qd3 Rd8 18. b4 a5 19. c5 b6 20. cxb6 Qxb6 21. Kh2 axb4 22. Nc4 Qb5 23. axb4 Bxb4 24. Rb1 Nf3+ 25. Qxf3 Qxc4 26. Rxb4 Qxb4 27. Qxc6+ Kf8 28. Be3 Kg8 29. Bc5 Qe4 30. Qc7 Ra8 31. Bd6 h5 32. Qc1 Ra2 33. Rf3 g5 34. Qc7 Qxf3 35. Qd8+ Kh7 36. Qxg5 Rxg2+ 37. Qxg2 Qxf4+ 38. Kh1 Rg8 0-1

[Event "Ceske Budejovice Open"]
[Site "Ceske Budejovice CZE"]
[Date "1993.??.??"]
[Round "2"]
[White "Nemcova, O."]
[Black "Hosticka, Frantisek"]
[Result "0-1"]
[WhiteElo "1935"]
[BlackElo "2240"]
[PlyCount "66"]
[EventDate "1993.??.??"]
[Source "www.chesslib.no"]
[SourceDate "2004.05.04"]

1. e4 Nf6 2. e5 Nd5 3. d4 d6 4. Nf3 Bg4 5. h3 Bxf3 6. Qxf3 dxe5 7. c4 Nb4 8. Na3 exd4 9. Bd2 N4c6 10. b4 Qc8 11. Nc2 e5 12. Bd3 Nd7 13. O-O g6 14. Be4 Bg7 15. b5 Nd8 16. Bb4 Bf8 17. Bxf8 Kxf8 18. c5 Kg7 19. c6 bxc6 20. Rfe1 Re8 21. Rad1 Rb8 22. bxc6 Nf6 23. a4 Ne6 24. Qa3 Qa6 25. Nb4 Qa5 26. Nd3 Ng5 27. f3 Ngxe4 28. fxe4 Re6 29. Rc1 Qd2 30. Kf1 Nh5 31. Rcd1 Qc2 32. Nc5 Rf6+ 33. Kg1 Rb2 0-1

[Event "Saitek US Masters"]
[Site "Hawaii"]
[Date "1998.07.28"]
[Round "8"]
[White "Wolferink, Frans"]
[Black "Boissonnier, Kimo"]
[Result "1-0"]
[WhiteElo "2115"]
[BlackElo "2025"]
[PlyCount "67"]
[EventDate "1998.07.??"]
[Source "www.chesslib.no"]
[SourceDate "2004.05.04"]

1. e4 Nf6 2. e5 Nd5 3. d4 d6 4. Nf3 Bg4 5. h3 Bh5 6. c4 Nb6 7. exd6 cxd6 8. Be3 Nc6 9. Nbd2 e6 10. Rc1 Bg6 11. a3 Be7 12. Be2 h6 13. O-O Bg5 14. b4 f5 15. Bxg5 hxg5 16. d5 exd5 17. cxd5 Ne5 18. Bb5+ Kf8 19. Nd4 Bf7 20. f4 gxf4 21. Rxf4 g6 22. Ne6+ Bxe6 23. dxe6 Qe7 24. Qb3 Kg7 25. Nf3 Kf6 26. Nd4 Qh7 27. Rcf1 a6 28. Bd3 Nxd3 29. Qxd3 Ke7 30. Rxf5 gxf5 31. Nxf5+ Kd8 32. Qxd6+ Nd7 33. Rd1 Re8 34. Qb6+ 1-0